[Event "Pula op 35th"]
[Site "Pula"]
[Date "2023.06.20"]
[Round "4"]
[White "Xu, Yang"]
[Black "Mammadova, Narmin"]
[Result "0-1"]
[WhiteElo "2079"]
[BlackElo "2221"]
[PlyCount "100"]
[EventDate "2023.06.17"]
[EventType "swiss"]
[EventRounds "9"]
[EventCountry "CRO"]
[SourceTitle "CBM 214 Extra"]
[Source "ChessBase"]
[SourceDate "2023.07.31"]
[SourceVersion "1"]
[SourceVersionDate "2023.07.31"]
[SourceQuality "1"]

1. d4 d5 2. e3 Nf6 3. Bd3 c5 4. c3 cxd4 5. exd4 Nc6 6. f4 g6 7. Nf3 Bf5 8. 0-0 Bg7 9. Qe2 Bxd3 10. Qxd3 e6 11. Nbd2 0-0 12. b3 Rc8 13. Bb2 Qb6 14. g3 Rfd8 15. h3 a5 16. Ne5 a4 17. Nxc6 Rxc6 18. Rf2 Rdc8 19. Raf1 Ne8 20. b4 a3 21. Ba1 Nd6 22. Kg2 Nb5 23. Nb1 Qa6 24. Qe2 Qa4 25. Qd1 Qa8 26. Kh2 h5 27. Rg2 Nd6 28. Re1 Ne4 29. Qb3 h4 30. gxh4 Qb8 31. Rf1 Bh6 32. Rg4 Nf6 33. Qd1 Nxg4+ 34. Qxg4 Kh7 35. Kh1 Qd6 36. Rf2 R6c7 37. Qf3 Qe7 38. Qg3 Bg7 39. Nxa3 Bxd4 40. Rf3 Bf6 41. Bb2 Bxh4 42. Qg2 Bf6 43. Nb5 Rc4 44. Qd2 d4 45. f5 exf5 46. Bc1 dxc3 47. Qh6+ Kg8 48. Bf4 c2 49. Rf1 Qe4+ 50. Kg1 Qxf4 0-1

[Event "Prague Summer op 4th"]
[Site "Prague"]
[Date "2017.08.08"]
[Round "6"]
[White "Soural, Jan"]
[Black "Mammadova, Narmin"]
[Result "1-0"]
[WhiteElo "2163"]
[BlackElo "1342"]
[PlyCount "145"]
[EventDate "2017.08.04"]
[EventType "swiss"]
[EventRounds "9"]
[EventCountry "CZE"]
[SourceTitle "CBM 179 Extra"]
[Source "ChessBase"]
[SourceDate "2017.08.23"]
[SourceVersion "1"]
[SourceVersionDate "2017.08.23"]
[SourceQuality "1"]

1. d4 d5 2. c4 dxc4 3. e3 Nf6 4. Nf3 e6 5. Bxc4 a6 6. 0-0 b5 7. Be2 Bb7 8. a4 b4 9. Nbd2 Nbd7 10. Nc4 Bd5 11. Bd2 Be7 12. Qc2 Ne4 13. Rfc1 0-0 14. Be1 c5 15. a5 cxd4 16. exd4 Rc8 17. Qa4 Bc6 18. Qb3 Bb5 19. Bxb4 Bxb4 20. Qxb4 Nb8 21. Qe1 Ng5 22. Nxg5 Qxg5 23. Rc3 Rcd8 24. Ne5 Bxe2 25. Qxe2 Qf4 26. Nf3 Rd5 27. b4 Rb5 28. Rb1 Qf5 29. Qc2 Qf4 30. Rc5 Rb7 31. b5 axb5 32. Rbxb5 Ra7 33. Rc8 Nd7 34. Rxf8+ Nxf8 35. Qd2 Qd6 36. d5 exd5 37. Qxd5 Qa3 38. g3 Rd7 39. Qb3 Qc1+ 40. Kg2 Qc6 41. Rb6 Qe4 42. Qb4 Qxb4 43. Rxb4 Ra7 44. Ra4 Ne6 45. Ne5 Ra6 46. Nd3 Kf8 47. Nb4 Ra7 48. a6 Nc7 49. Kf3 Ke8 50. Ke4 Kd7 51. Ke5 f6+ 52. Kd4 Kd6 53. Kc4 Na8 54. Nd5 Kc6 55. Ra5 Kd6 56. Ra2 Kc6 57. Rd2 Rf7 58. Nb4+ Kb6 59. Rd6+ Kc7 60. Kc5 f5 61. Nd5+ Kb8 62. Kc6 g5 63. Rd7 Rxd7 64. Kxd7 Ka7 65. f4 gxf4 66. gxf4 h5 67. h4 Kxa6 68. Ke6 Kb7 69. Kxf5 Kc8 70. Ke6 Kd8 71. f5 Ke8 72. f6 Kf8 73. f7 1-0

[Event "Prague Summer op 4th"]
[Site "Prague"]
[Date "2017.08.07"]
[Round "5"]
[White "Mammadova, Narmin"]
[Black "Mammadov, Zaur Fazahir Oglu"]
[Result "0-1"]
[WhiteElo "1342"]
[BlackElo "2424"]
[PlyCount "90"]
[EventDate "2017.08.04"]
[EventType "swiss"]
[EventRounds "9"]
[EventCountry "CZE"]
[SourceTitle "CBM 179 Extra"]
[Source "ChessBase"]
[SourceDate "2017.08.23"]
[SourceVersion "1"]
[SourceVersionDate "2017.08.23"]
[SourceQuality "1"]

1. e4 c5 2. b3 d6 3. Bb2 Nf6 4. d3 g6 5. Nd2 Bg7 6. Qc1 Nc6 7. Ngf3 0-0 8. Be2 Rb8 9. 0-0 b5 10. e5 dxe5 11. Nxe5 Bb7 12. Nxc6 Bxc6 13. Bf3 Bxf3 14. Nxf3 Rc8 15. Be5 Qb6 16. a4 a6 17. Qb2 Bh6 18. axb5 axb5 19. Ra2 Nd7 20. Rfa1 Nxe5 21. Nxe5 Bg7 22. Ra6 Qc7 23. f4 Rfe8 24. Ra7 Qb8 25. g3 g5 26. c4 gxf4 27. gxf4 f6 28. Nd7 Qxf4 29. Qg2 Rc7 30. Ra8 Qd4+ 31. Kh1 Qxd7 32. Rg1 e5 33. Qxg7+ Qxg7 34. Rxe8+ Kf7 35. Rxg7+ Kxg7 36. Rd8 bxc4 37. bxc4 Rb7 38. Kg2 Rb2+ 39. Kg3 Rd2 40. Rd5 Kg6 41. h4 Kf5 42. Kf3 Rxd3+ 43. Rxd3 e4+ 44. Ke3 exd3 45. Kxd3 Kf4 0-1

[Event "Pardubice Czech op-A 28th"]
[Site "Pardubice"]
[Date "2017.07.22"]
[Round "2"]
[White "Mammadova, Narmin"]
[Black "Krejci, Jan1111"]
[Result "1/2-1/2"]
[WhiteElo "2234"]
[BlackElo "2519"]
[PlyCount "58"]
[EventDate "2017.07.21"]
[EventType "swiss"]
[EventRounds "9"]
[EventCountry "CZE"]
[SourceTitle "CBM 179 Extra"]
[Source "ChessBase"]
[SourceDate "2017.08.23"]
[SourceVersion "1"]
[SourceVersionDate "2017.08.23"]
[SourceQuality "1"]

1. e4 d6 2. d4 Nf6 3. Nd2 e5 4. dxe5 dxe5 5. Ngf3 Bc5 6. Bc4 0-0 7. 0-0 Qe7 8. c3 h6 9. Qc2 a6 10. a4 Ba7 11. b3 Nbd7 12. Nh4 Rd8 13. Ndf3 Nb6 14. Be2 Bd7 15. Ba3 Qe8 16. a5 Nc8 17. Rad1 Nd6 18. Bxd6 cxd6 19. Rxd6 Bc6 20. Rxf6 gxf6 21. Nf5 Kh7 22. h3 Bd7 23. N3h4 Qg8 24. Kh1 Bxf5 25. Nxf5 Rd7 26. Bc4 Rad8 27. Bd5 Qg6 28. c4 Rg8 29. g3 Bc5 1/2-1/2

[Event "Pardubice op rapid 28th"]
[Site "Pardubice"]
[Date "2017.07.20"]
[Round "5"]
[White "Karasik, Semyon"]
[Black "Mammadova, Narmin"]
[Result "1/2-1/2"]
[WhiteElo "2185"]
[BlackElo "2234"]
[PlyCount "64"]
[EventDate "2017.07.19"]
[EventType "swiss (rapid)"]
[EventRounds "9"]
[EventCountry "CZE"]
[SourceTitle "CBM 179 Extra"]
[Source "ChessBase"]
[SourceDate "2017.08.23"]
[SourceVersion "1"]
[SourceVersionDate "2017.08.23"]
[SourceQuality "1"]

1. Nf3 d5 2. g3 Nf6 3. Bg2 g6 4. d3 Bg7 5. 0-0 0-0 6. Nbd2 c5 7. e4 e6 8. Qe2 Nc6 9. c3 a5 10. Rd1 b6 11. Nf1 dxe4 12. dxe4 Qc7 13. Bf4 e5 14. Bg5 Ba6 15. Qc2 Bxf1 16. Bxf1 Rad8 17. Bc4 h6 18. Bxf6 Bxf6 19. a4 Bg7 20. Rxd8 Rxd8 21. Rd1 Rd6 22. Rxd6 Qxd6 23. Qd2 Qc7 24. Qd5 Nd8 25. Nh4 Kh7 26. Qd3 Bf6 27. Ng2 Bg7 28. Ne3 Nb7 29. Nd5 Qd8 30. Ne3 Qc7 31. h4 h5 32. Nd5 Qd8 1/2-1/2

[Event "Pardubice op rapid 28th"]
[Site "Pardubice"]
[Date "2017.07.20"]
[Round "6"]
[White "Mammadova, Narmin"]
[Black "Valenta, Vit"]
[Result "1-0"]
[WhiteElo "2234"]
[BlackElo "2086"]
[PlyCount "81"]
[EventDate "2017.07.19"]
[EventType "swiss (rapid)"]
[EventRounds "9"]
[EventCountry "CZE"]
[SourceTitle "CBM 179 Extra"]
[Source "ChessBase"]
[SourceDate "2017.08.23"]
[SourceVersion "1"]
[SourceVersionDate "2017.08.23"]
[SourceQuality "1"]

1. e4 e5 2. Nf3 Nc6 3. Nc3 Nf6 4. d4 exd4 5. Nxd4 Bb4 6. Nxc6 bxc6 7. Bd3 d5 8. exd5 cxd5 9. 0-0 0-0 10. h3 c6 11. Qf3 h6 12. Ne2 Bd6 13. Bf4 Rb8 14. b3 Be6 15. Rad1 Re8 16. Nd4 Qc7 17. Bxh6 Be5 18. Be3 c5 19. Nxe6 fxe6 20. Bg6 Rf8 21. Qe2 Nd7 22. Bg5 Rfc8 23. Rfe1 Rb6 24. Bd2 Rc6 25. Qh5 Bh2+ 26. Kh1 Nf6 27. Qh4 Be5 28. Bg5 c4 29. f4 Bb2 30. bxc4 dxc4 31. Re3 Rd6 32. Rde1 Qd7 33. c3 Rd1 34. Bxf6 gxf6 35. Qxf6 Rxe1+ 36. Rxe1 Rf8 37. Qg5 Bxc3 38. Bf5+ Kf7 39. Qg6+ Ke7 40. Rxe6+ Kd8 41. Rd6 1-0

[Event "Batumi Municipality Cup"]
[Site "Batumi"]
[Date "2017.07.10"]
[Round "9"]
[White "Mammadova, Narmin"]
[Black "Mikadze, Miranda"]
[Result "1/2-1/2"]
[WhiteElo "2234"]
[BlackElo "2265"]
[PlyCount "44"]
[EventDate "2017.07.02"]
[EventType "swiss"]
[EventRounds "9"]
[EventCountry "GEO"]
[SourceTitle "CBM 179 Extra"]
[Source "ChessBase"]
[SourceDate "2017.08.23"]
[SourceVersion "1"]
[SourceVersionDate "2017.08.23"]
[SourceQuality "1"]

1. e4 c6 2. c4 d5 3. exd5 cxd5 4. cxd5 Nf6 5. Nc3 Nxd5 6. d4 Nc6 7. Nf3 Bg4 8. Bc4 e6 9. 0-0 Be7 10. Nxd5 exd5 11. Bb3 0-0 12. Qd3 Nb4 13. Qe2 Bf6 14. Qb5 Bxf3 15. Qxb4 Be4 16. Be3 Qd7 17. f3 Bf5 18. Qd2 h6 19. Rac1 b6 20. Rc3 Rfc8 21. Rfc1 Rxc3 22. Qxc3 Rd8 1/2-1/2

[Event "Batumi Municipality Cup"]
[Site "Batumi"]
[Date "2017.07.03"]
[Round "2"]
[White "Beradze, Irakli"]
[Black "Mammadova, Narmin"]
[Result "1-0"]
[WhiteElo "2466"]
[BlackElo "2234"]
[PlyCount "53"]
[EventDate "2017.07.02"]
[EventType "swiss"]
[EventRounds "9"]
[EventCountry "GEO"]
[SourceTitle "CBM 179 Extra"]
[Source "ChessBase"]
[SourceDate "2017.08.23"]
[SourceVersion "1"]
[SourceVersionDate "2017.08.23"]
[SourceQuality "1"]

1. d4 d5 2. c4 dxc4 3. Nf3 Nf6 4. e3 e6 5. Bxc4 c5 6. 0-0 Nc6 7. Nc3 a6 8. a4 Be7 9. Qe2 0-0 10. Rd1 Qc7 11. b3 b6 12. Bb2 Bb7 13. d5 exd5 14. Nxd5 Nxd5 15. Bxd5 Rad8 16. e4 Nb4 17. Bc4 Qf4 18. Re1 Bf6 19. e5 Rfe8 20. Rad1 Rxd1 21. Rxd1 Bc6 22. Bc3 h6 23. Re1 a5 24. Bb5 Bxb5 25. Qxb5 Rd8 26. exf6 gxf6 27. Qxb6 1-0

[Event "Batumi Municipality Cup"]
[Site "Batumi"]
[Date "2017.07.02"]
[Round "1"]
[White "Mammadova, Narmin"]
[Black "Arabidze, Meri"]
[Result "1/2-1/2"]
[WhiteElo "2234"]
[BlackElo "2384"]
[PlyCount "100"]
[EventDate "2017.07.02"]
[EventType "swiss"]
[EventRounds "9"]
[EventCountry "GEO"]
[SourceTitle "CBM 179 Extra"]
[Source "ChessBase"]
[SourceDate "2017.08.23"]
[SourceVersion "1"]
[SourceVersionDate "2017.08.23"]
[SourceQuality "1"]

1. e4 c5 2. c3 d5 3. exd5 Qxd5 4. d4 Nf6 5. Nf3 Bf5 6. Be3 Nc6 7. Be2 cxd4 8. cxd4 Bxb1 9. Qxb1 e6 10. 0-0 Bd6 11. Qd3 0-0 12. a3 h6 13. Nd2 Bc7 14. Rfd1 Rad8 15. Nf1 Bb6 16. Bf3 Qd7 17. Bxc6 Qxc6 18. Rac1 Qd5 19. Qe2 Rd7 20. Nd2 Rfd8 21. Nf3 Qh5 22. h3 Bc7 23. Rd2 Qf5 24. Rdc2 Nd5 25. Rc4 Bd6 26. Qc2 Qxc2 27. R4xc2 f6 28. Kf1 Kf7 29. h4 g5 30. h5 f5 31. Bd2 Kf6 32. Re1 Rc7 33. Rxc7 Bxc7 34. Rc1 Bd6 35. g3 Rg8 36. Ke2 a6 37. Rc4 Re8 38. Rc2 Ke7 39. Ne5 Ra8 40. Rc1 Rd8 41. Ba5 Ra8 42. Bd2 a5 43. Nc4 b6 44. Ne5 Bxe5 45. dxe5 Kd7 46. Kd3 Rd8 47. Ke2 Rf8 48. Kd3 Rb8 49. Ke2 Rd8 50. Rc4 Ra8 1/2-1/2

[Event "Nakhchivan op"]
[Site "Nakhchivan"]
[Date "2017.05.07"]
[Round "5"]
[White "Mammadova, Narmin"]
[Black "Mammadzada, Gunay Vuqar Qizi"]
[Result "1/2-1/2"]
[WhiteElo "2192"]
[BlackElo "2359"]
[PlyCount "54"]
[EventDate "2017.05.03"]
[EventType "swiss"]
[EventRounds "9"]
[EventCountry "AZE"]
[SourceTitle "CBM 178 Extra"]
[Source "ChessBase"]
[SourceDate "2017.06.22"]
[SourceVersion "1"]
[SourceVersionDate "2017.06.22"]
[SourceQuality "1"]

1. e4 c5 2. c3 Nf6 3. e5 Nd5 4. Nf3 d6 5. d4 cxd4 6. cxd4 Nc6 7. Bc4 dxe5 8. dxe5 Ndb4 9. Qb3 e6 10. 0-0 Na5 11. Bb5+ Bd7 12. Qa4 Bxb5 13. Qxb5+ Nac6 14. Nc3 a6 15. Qc4 Qd3 16. Qg4 h5 17. Qh4 Qf5 18. Qg5 g6 19. Qxf5 gxf5 20. Rd1 Bg7 21. Bf4 Ne7 22. Bg5 Nbc6 23. Na4 Rc8 24. Nb6 Rc7 25. Na8 Rc8 26. Nb6 Rc7 27. Na8 Rc8 1/2-1/2

[Event "Baku op"]
[Site "Baku"]
[Date "2016.09.25"]
[Round "8"]
[White "Mammadova, Narmin"]
[Black "Guliev, Sarhan"]
[Result "1-0"]
[WhiteElo "2230"]
[BlackElo "2416"]
[PlyCount "75"]
[EventDate "2016.09.18"]
[EventType "swiss"]
[EventRounds "9"]
[EventCountry "AZE"]
[SourceTitle "CBM 174 Extra"]
[Source "ChessBase"]
[SourceDate "2016.10.10"]
[SourceVersion "1"]
[SourceVersionDate "2016.10.10"]
[SourceQuality "1"]

1. e4 e5 2. Nf3 Nc6 3. Nc3 Nf6 4. Be2 g6 5. d4 exd4 6. Nxd4 d6 7. Bg5 Bg7 8. 0-0 h6 9. Nxc6 bxc6 10. Bh4 0-0 11. f4 Qe8 12. Bf3 Nd7 13. e5 d5 14. Rb1 Bb7 15. b4 g5 16. fxg5 hxg5 17. Bxg5 Qxe5 18. Bd2 Nb6 19. Ne2 Ba6 20. Rf2 Nc4 21. Bc3 Qg5 22. Bxg7 Kxg7 23. Qd4+ f6 24. Nf4 Rae8 25. Bh5 Re4 26. Qxe4 dxe4 27. Ne6+ Kh6 28. Nxg5 e3 29. Nf7+ Kxh5 30. Rxf6 Nd6 31. Rh6+ Kg4 32. h3+ Kf5 33. Nxd6+ cxd6 34. Rxd6 Bb5 35. a4 Ke5 36. Rh6 Bc4 37. Rxc6 Bd5 38. Rc3 1-0

[Event "Baku op"]
[Site "Baku"]
[Date "2016.09.24"]
[Round "7"]
[White "Mammadova, Narmin"]
[Black "Muradli, Mahammad"]
[Result "1-0"]
[WhiteElo "2230"]
[BlackElo "2331"]
[PlyCount "85"]
[EventDate "2016.09.18"]
[EventType "swiss"]
[EventRounds "9"]
[EventCountry "AZE"]
[SourceTitle "CBM 174 Extra"]
[Source "ChessBase"]
[SourceDate "2016.10.10"]
[SourceVersion "1"]
[SourceVersionDate "2016.10.10"]
[SourceQuality "1"]

1. e4 g6 2. d4 Bg7 3. Bc4 d6 4. Nf3 e6 5. Qe2 a6 6. a4 Ne7 7. 0-0 b6 8. Bg5 h6 9. Bh4 g5 10. Bg3 Bb7 11. Nbd2 Ng6 12. c3 g4 13. Ne1 h5 14. f4 gxf3 15. Qxf3 Qe7 16. h3 Nd7 17. Nc2 Bh6 18. Rad1 Rh7 19. Kh1 0-0-0 20. Qe2 Nb8 21. Nb4 Rg8 22. Nxa6 Bxd2 23. Rxd2 Rhg7 24. Nxb8 Kxb8 25. Qe1 Qg5 26. Re2 h4 27. Bh2 Ne7 28. Rf4 Qa5 29. Bb5 Qa8 30. Rxh4 Nf5 31. Rf4 Ng3+ 32. Bxg3 Rxg3 33. Kh2 R3g7 34. Rff2 f5 35. d5 Ka7 36. a5 Qd8 37. axb6+ cxb6 38. Bc6 Bxc6 39. dxc6 Qc7 40. exf5 d5+ 41. Kh1 exf5 42. Rxf5 Re7 43. Rxe7 1-0

[Event "Baku op"]
[Site "Baku"]
[Date "2016.09.19"]
[Round "2"]
[White "Mammadova, Narmin"]
[Black "Mamedjarova, Zeinab"]
[Result "0-1"]
[WhiteElo "2230"]
[BlackElo "2295"]
[PlyCount "68"]
[EventDate "2016.09.18"]
[EventType "swiss"]
[EventRounds "9"]
[EventCountry "AZE"]
[SourceTitle "CBM 174 Extra"]
[Source "ChessBase"]
[SourceDate "2016.10.10"]
[SourceVersion "1"]
[SourceVersionDate "2016.10.10"]
[SourceQuality "1"]

1. e4 d6 2. d4 Nf6 3. Nc3 Nbd7 4. Nf3 e5 5. dxe5 dxe5 6. Bc4 Bc5 7. 0-0 0-0 8. Bg5 c6 9. a4 a5 10. Qe2 Qc7 11. Nh4 h6 12. Be3 Kh7 13. Nf5 Bxe3 14. fxe3 Nc5 15. Rad1 Be6 16. Rf3 Ng8 17. Rdf1 g6 18. Bxe6 Nxe6 19. Ng3 Kg7 20. h4 Qe7 21. Qf2 Rad8 22. Nf5+ gxf5 23. exf5 Nf4 24. exf4 e4 25. Re3 Nf6 26. Rfe1 Kh8 27. Qe2 Qc5 28. Kh1 Qxf5 29. Nxe4 Nd5 30. Rf3 Rfe8 31. c4 Nf6 32. Re3 Ng4 33. Rf3 Qxe4 34. Qxe4 Rxe4 0-1

[Event "Olympiad Women-42"]
[Site "Baku"]
[Date "2016.09.11"]
[Round "9.1"]
[White "Latreche, Sabrina"]
[Black "Mammadova, Narmin"]
[Result "1/2-1/2"]
[WhiteElo "2059"]
[BlackElo "2230"]
[PlyCount "121"]
[EventDate "2016.09.02"]
[EventType "team-swiss"]
[EventRounds "11"]
[EventCountry "AZE"]
[SourceTitle "CBM 174 Extra"]
[Source "ChessBase"]
[SourceDate "2016.10.10"]
[SourceVersion "1"]
[SourceVersionDate "2016.10.10"]
[SourceQuality "1"]
[WhiteTeam "Algeria (W)"]
[BlackTeam "Azerbaijan (W) III"]
[WhiteTeamCountry "ALG"]
[BlackTeamCountry "AZE"]

1. e4 c6 2. d4 d5 3. Nc3 dxe4 4. Nxe4 Nf6 5. Nxf6+ exf6 6. c3 Bd6 7. Bd3 0-0 8. Ne2 Re8 9. 0-0 Bg4 10. f3 Bh5 11. Nf4 Bg6 12. Nxg6 hxg6 13. f4 f5 14. Qb3 Qc7 15. Bd2 Nd7 16. g3 Nf6 17. Rae1 Qd7 18. Bc1 b6 19. a4 Bc7 20. Bc4 a6 21. Rxe8+ Qxe8 22. Qd1 b5 23. Bd3 Bb6 24. Re1 Qd7 25. Qf3 Re8 26. Rxe8+ Qxe8 27. Qe2 Qd7 28. axb5 axb5 29. Kg2 Qd5+ 30. Qf3 Ne4 31. h3 b4 32. Bxe4 fxe4 33. Qe2 bxc3 34. bxc3 Ba5 35. Qe3 Qa2+ 36. Bd2 f5 37. Kf2 Bb6 38. Kg2 c5 39. Qf2 Kf7 40. dxc5 Bxc5 41. Be3 Qd5 42. c4 Bxe3 43. cxd5 Bxf2 44. Kxf2 Ke7 45. Ke3 Kd6 46. Kd4 Kc7 47. Kc4 Kb6 48. Kb4 Ka6 49. Kc4 Kb7 50. Kb4 Kc7 51. Kc3 Kb6 52. Kb4 Ka6 53. Kc4 Ka5 54. Kc5 Ka6 55. Kc4 Kb6 56. Kb4 e3 57. Kc3 Kc5 58. Kd3 Kxd5 59. Kxe3 Kc4 60. Ke2 Kd4 61. Kd2 1/2-1/2

[Event "Olympiad Women-42"]
[Site "Baku"]
[Date "2016.09.09"]
[Round "7.1"]
[White "Mammadova, Narmin"]
[Black "Ramirez, Maria Eugenia"]
[Result "1-0"]
[WhiteElo "2230"]
[BlackElo "2104"]
[PlyCount "81"]
[EventDate "2016.09.02"]
[EventType "team-swiss"]
[EventRounds "11"]
[EventCountry "AZE"]
[SourceTitle "CBM 174 Extra"]
[Source "ChessBase"]
[SourceDate "2016.10.10"]
[SourceVersion "1"]
[SourceVersionDate "2016.10.10"]
[SourceQuality "1"]
[WhiteTeam "Azerbaijan (W) III"]
[BlackTeam "Bolivia (W)"]
[WhiteTeamCountry "AZE"]
[BlackTeamCountry "BOL"]

1. Nf3 d5 2. g3 c6 3. Bg2 Nf6 4. c4 Bg4 5. cxd5 cxd5 6. Ne5 Bf5 7. Nc3 e6 8. g4 Bg6 9. h4 h6 10. Nxg6 fxg6 11. d4 Nc6 12. Qd3 Kf7 13. g5 Nb4 14. Qd1 hxg5 15. hxg5 Rxh1+ 16. Bxh1 Nd7 17. a3 Nc6 18. e4 Nb6 19. Be3 Ne7 20. Qf3+ Kg8 21. Qg4 Qd7 22. Bg2 dxe4 23. Qxe4 Nbd5 24. Nxd5 exd5 25. Qe5 Rc8 26. Rc1 Rxc1+ 27. Bxc1 Kf7 28. Bd2 Qf5 29. Qc7 Qe6+ 30. Kf1 Qc6 31. Qe5 Qb5+ 32. Kg1 Qb3 33. Bb4 Qd1+ 34. Kh2 Qh5+ 35. Bh3 Qh4 36. Be1 Ke8 37. f3 Qh5 38. Kg2 b6 39. Bg4 Qh7 40. Be6 Nc6 41. Qc7 1-0

[Event "TUR-chT"]
[Site "Izmir"]
[Date "2016.08.03"]
[Round "11.4"]
[White "Mammadova, Narmin"]
[Black "Isgandarova, Khayala Ilqar Qizi"]
[Result "0-1"]
[WhiteElo "2198"]
[BlackElo "2229"]
[PlyCount "148"]
[EventDate "2016.07.25"]
[EventType "team-swiss"]
[EventRounds "13"]
[EventCountry "TUR"]
[SourceTitle "CBM 173 Extra"]
[Source "ChessBase"]
[SourceDate "2016.08.29"]
[SourceVersion "1"]
[SourceVersionDate "2016.08.29"]
[SourceQuality "1"]
[WhiteTeam "Onur Koleji Genc"]
[BlackTeam "Maras Spor Dernegi"]
[WhiteTeamCountry "TUR"]
[BlackTeamCountry "TUR"]

1. e4 c6 2. d3 d5 3. Nd2 g6 4. Ngf3 Bg7 5. g3 e5 6. Bg2 Ne7 7. 0-0 0-0 8. Re1 d4 9. a4 h6 10. Nf1 Be6 11. Bd2 c5 12. b3 Nbc6 13. Qc1 Kh7 14. Nh4 Nc8 15. Qa3 Qe7 16. h3 Nb4 17. Qc1 Qd7 18. Kh2 Nd6 19. f4 exf4 20. gxf4 f5 21. e5 Nf7 22. Ng3 Nd5 23. Rg1 Ne7 24. Qe1 Rg8 25. Qf2 Nd8 26. Bf3 Bd5 27. Rg2 Ne6 28. Rag1 Raf8 29. Bxd5 Qxd5 30. Nf3 b6 31. Ne2 Rf7 32. h4 h5 33. Ng5+ Nxg5 34. hxg5 Bf8 35. Ng3 Rh8 36. Nf1 Nc6 37. Qe2 Nd8 38. Kh1 Ne6 39. Nh2 Kg7 40. Nf3 Be7 41. Nh4 a6 42. Kh2 Bd8 43. Ra1 Bc7 44. Rg3 Re8 45. Re1 b5 46. axb5 axb5 47. Ra1 Bb6 48. Ra6 Qb7 49. Ra1 Bc7 50. Kg1 c4 51. dxc4 Qe4 52. Qf2 bxc4 53. bxc4 Qxc2 54. Rc1 Qe4 55. Re1 Qc6 56. Qe2 Nc5 57. Rh3 Ne4 58. Qd3 Rb8 59. e6 Qxe6 60. Qxd4+ Kg8 61. Be3 Rd7 62. Qa1 Rbd8 63. c5 Kf7 64. Ng2 Qb3 65. Qa6 Rd1 66. Rxd1 Qxd1+ 67. Kh2 Nxg5 68. Qc6 Ne6 69. Rg3 Qd5 70. Qb5 g5 71. Qe2 Rh8 72. Kg1 gxf4 73. Bxf4 Nxf4 74. Qb2 Ne2+ 0-1

[Event "TUR-chT"]
[Site "Izmir"]
[Date "2016.08.02"]
[Round "9.3"]
[White "Unuk, Laura"]
[Black "Mammadova, Narmin"]
[Result "0-1"]
[WhiteElo "2220"]
[BlackElo "2198"]
[PlyCount "68"]
[EventDate "2016.07.25"]
[EventType "team-swiss"]
[EventRounds "13"]
[EventCountry "TUR"]
[SourceTitle "CBM 173 Extra"]
[Source "ChessBase"]
[SourceDate "2016.08.29"]
[SourceVersion "1"]
[SourceVersionDate "2016.08.29"]
[SourceQuality "1"]
[WhiteTeam "Bogazici Universitesi"]
[BlackTeam "Onur Koleji Genc"]
[WhiteTeamCountry "TUR"]
[BlackTeamCountry "TUR"]

1. d4 d5 2. c4 dxc4 3. e3 Nf6 4. Bxc4 e6 5. Nf3 c5 6. 0-0 Nc6 7. Qe2 a6 8. a4 Qc7 9. Nc3 Be7 10. dxc5 Bxc5 11. e4 Ng4 12. g3 0-0 13. Bf4 e5 14. Nd5 Qd6 15. Be3 Nxe3 16. Nxe3 Qf6 17. Rac1 Bh3 18. Rfd1 Nd4 19. Nxd4 Bxd4 20. Bd5 Rab8 21. b3 b6 22. Rc6 Qg5 23. Nc2 Bg4 24. Qd2 Qh5 25. Rc1 Bc5 26. b4 Be7 27. Ne3 Bf3 28. R1c2 a5 29. b5 Qh3 30. Qc3 Qh5 31. Nf5 Bf6 32. h3 Rbd8 33. g4 Qxh3 34. Ne3 Qh1# 0-1

[Event "TUR-chT"]
[Site "Izmir"]
[Date "2016.07.30"]
[Round "7.3"]
[White "Nomin Erdene, Davaademberel"]
[Black "Mammadova, Narmin"]
[Result "1-0"]
[WhiteElo "2442"]
[BlackElo "2198"]
[PlyCount "85"]
[EventDate "2016.07.25"]
[EventType "team-swiss"]
[EventRounds "13"]
[EventCountry "TUR"]
[SourceTitle "CBM 173 Extra"]
[Source "ChessBase"]
[SourceDate "2016.08.29"]
[SourceVersion "1"]
[SourceVersionDate "2016.08.29"]
[SourceQuality "1"]
[WhiteTeam "Tarsus Zeka"]
[BlackTeam "Onur Koleji Genc"]
[WhiteTeamCountry "TUR"]
[BlackTeamCountry "TUR"]

1. e4 c6 2. d4 d5 3. Nc3 dxe4 4. Nxe4 Nf6 5. Nxf6+ exf6 6. c3 Bd6 7. Bd3 0-0 8. Ne2 Re8 9. Qc2 h6 10. Be3 Be6 11. a3 Nd7 12. c4 c5 13. d5 Bg4 14. 0-0 Ne5 15. Ng3 Nxd3 16. Qxd3 Qc7 17. f3 Bd7 18. Bf2 f5 19. Rfe1 g6 20. Nf1 a5 21. h3 Kh7 22. Nd2 a4 23. Rab1 Rxe1+ 24. Rxe1 Re8 25. Rb1 Bc8 26. b3 axb3 27. Rxb3 Qe7 28. Rb5 Qe5 29. Nf1 Qe7 30. a4 f4 31. Qb3 Bxh3 32. Qb2 Bc8 33. Nd2 f5 34. Nb3 Qe2 35. Qxe2 Rxe2 36. Nxc5 Bxc5 37. Rxc5 Re8 38. Rc7+ Kg8 39. d6 Be6 40. Rxb7 Bxc4 41. d7 Rf8 42. Bb6 Bd5 43. Ra7 1-0

[Event "TUR-chT"]
[Site "Izmir"]
[Date "2016.07.28"]
[Round "4.8"]
[White "Mammadova, Narmin"]
[Black "Ozbay, Ece"]
[Result "1-0"]
[WhiteElo "2198"]
[BlackElo "1898"]
[PlyCount "71"]
[EventDate "2016.07.25"]
[EventType "team-swiss"]
[EventRounds "13"]
[EventCountry "TUR"]
[SourceTitle "CBM 173 Extra"]
[Source "ChessBase"]
[SourceDate "2016.08.29"]
[SourceVersion "1"]
[SourceVersionDate "2016.08.29"]
[SourceQuality "1"]
[WhiteTeam "Onur Koleji Genc"]
[BlackTeam "TS Alyans"]
[WhiteTeamCountry "TUR"]
[BlackTeamCountry "TUR"]

1. Nf3 d5 2. g3 c6 3. Bg2 Bg4 4. c4 Nd7 5. cxd5 cxd5 6. Qa4 Ngf6 7. Nc3 e6 8. Ne5 Bf5 9. g4 Bg6 10. h4 h6 11. Nxg6 fxg6 12. g5 hxg5 13. hxg5 Rxh1+ 14. Bxh1 Nh5 15. d4 Qc7 16. Qc2 0-0-0 17. Bd2 Bb4 18. Qxg6 Qh2 19. 0-0-0 Nf4 20. Qc2 Kb8 21. Bf3 Nh3 22. Qh7 Bxc3 23. bxc3 Rc8 24. Rh1 Qxf2 25. Qxh3 Qxd4 26. Qg3+ Ka8 27. Rh8 Qc5 28. Rxc8+ Qxc8 29. Qd6 Nc5 30. Bg4 a6 31. Qxd5 Qf8 32. Bxe6 Na4 33. Kc2 Qe7 34. Qd7 Qxd7 35. Bxd7 Nc5 36. Bf5 1-0